Новый подход к определению минимального достаточной эффективности аварийной защиты ВВЭР; Атомная энергия; Т. 100, вып. 3

Бібліографічні деталі
Parent link:Атомная энергия: теоретический и научно-технический журнал/ Российская академия наук ; Министерство РФ по атомной энергии, ядерного общества.— , 1956-.— 0004-7163
Т. 100, вып. 3.— 2006.— с. 184-197
Інші автори: Пономаренко Г. Л., Рыжов С. Б., Быков М. А., Ермаков Д. Н.
Мова:Російська
Опубліковано: 2006
Серія:Статьи
Предмети:
Формат: MixedMaterials Частина з книги
KOHA link:https://koha.lib.tpu.ru/cgi-bin/koha/opac-detail.pl?biblionumber=426368

MARC

LEADER 00000naa2a2200000 4500
001 426368
005 20231101074520.0
035 |a (RuTPU)RU\TPU\prd\85113 
035 |a RU\TPU\prd\43959 
090 |a 426368 
100 |a 20100705a2006 k y0rusy50 ca 
101 0 |a rus 
102 |a RU 
200 1 |a Новый подход к определению минимального достаточной эффективности аварийной защиты ВВЭР  |f Г. Л. Пономаренко [и др.] 
225 1 |a Статьи 
320 |a Библиогр.: 10 назв. 
461 0 |0 (RuTPU)RU\TPU\prd\33  |x 0004-7163  |t Атомная энергия  |o теоретический и научно-технический журнал  |f Российская академия наук ; Министерство РФ по атомной энергии, ядерного общества  |d 1956- 
463 0 |0 (RuTPU)RU\TPU\prd\85108  |t Т. 100, вып. 3  |v с. 184-197  |d 2006 
610 1 |a аварийная защита 
610 1 |a водо-водяные энергетические реакторы 
610 1 |a ВВЭР 
610 1 |a эффективность 
610 1 |a регулирование 
610 1 |a избыточный консерватизм 
610 1 |a теплогидравлический анализ 
610 1 |a безопасность 
610 1 |a паропроводы 
610 1 |a разрывы 
675 |a 621.039.548  |v 3 
701 1 |a Пономаренко  |b Г. Л. 
701 1 |a Рыжов  |b С. Б. 
701 1 |a Быков  |b М. А. 
701 1 |a Ермаков  |b Д. Н. 
801 1 |a RU  |b 63413507  |c 20060607  |g PSBO 
801 2 |a RU  |b 63413507  |c 20100705  |g RCR 
942 |c BK